Astrophysics for physicists / (Record no. 8504)

MARC details
000 -LEADER
fixed length control field 01136cam a2200325 a 4500
001 - CONTROL NUMBER
control field 15956706
003 - CONTROL NUMBER IDENTIFIER
control field OSt
005 - DATE AND TIME OF LATEST TRANSACTION
control field 20240617092818.0
008 - FIXED-LENGTH DATA ELEMENTS--GENERAL INFORMATION
fixed length control field 091022s2010 enka b 001 0 eng
010 ## - LIBRARY OF CONGRESS CONTROL NUMBER
LC control number 2009044687
015 ## - NATIONAL BIBLIOGRAPHY NUMBER
National bibliography number GBA9A8634
Source bnb
015 ## - NATIONAL BIBLIOGRAPHY NUMBER
National bibliography number GBA9A8634
Source dnb
016 7# - NATIONAL BIBLIOGRAPHIC AGENCY CONTROL NUMBER
Record control number 015415052
Source Uk
020 ## - INTERNATIONAL STANDARD BOOK NUMBER
International Standard Book Number 9780521815536 (hardback)
020 ## - INTERNATIONAL STANDARD BOOK NUMBER
International Standard Book Number 0521815533 (hardback)
035 ## - SYSTEM CONTROL NUMBER
System control number (OCoLC)ocn463454381
040 ## - CATALOGING SOURCE
Original cataloging agency DLC
Transcribing agency must
Modifying agency BWKUK
-- BWK
-- UKM
-- YDXCP
-- BWX
-- DEBBG
-- CDX
-- DLC
050 00 - LIBRARY OF CONGRESS CALL NUMBER
Classification number QB461
Item number .C535 2010
082 00 - DEWEY DECIMAL CLASSIFICATION NUMBER
Classification number 523.01 CHO 2010
Edition number 22
084 ## - OTHER CLASSIFICATION NUMBER
Classification number US 2000
Number source rvk
100 1# - MAIN ENTRY--PERSONAL NAME
Personal name Choudhuri, Arnab Rai,
Dates associated with a name 1956-
9 (RLIN) 17275
245 10 - TITLE STATEMENT
Title Astrophysics for physicists /
Statement of responsibility, etc. Arnab Rai Choudhuri.
260 ## - PUBLICATION, DISTRIBUTION, ETC. (IMPRINT)
Place of publication, distribution, etc. Cambridge, UK ;
-- New York :
Name of publisher, distributor, etc. Cambridge University Press,
Date of publication, distribution, etc. 2010.
300 ## - PHYSICAL DESCRIPTION
Extent xviii, 471 p. :
Other physical details ill. ;
Dimensions 26 cm.
504 ## - BIBLIOGRAPHY, ETC. NOTE
Bibliography, etc Includes bibliographical references and index.
650 #0 - SUBJECT ADDED ENTRY--TOPICAL TERM
Topical term or geographic name as entry element Astrophysics
Form subdivision Textbooks.
9 (RLIN) 17276
906 ## - LOCAL DATA ELEMENT F, LDF (RLIN)
a 7
b cbc
c orignew
d 1
e ecip
f 20
g y-gencatlg
942 ## - ADDED ENTRY ELEMENTS (KOHA)
Source of classification or shelving scheme Dewey Decimal Classification
Koha item type Open Shelf
Holdings
Withdrawn status Lost status Source of classification or shelving scheme Damaged status Not for loan Home library Current library Date acquired Source of acquisition Inventory number Total Checkouts Full call number Barcode Date last seen Price effective from Koha item type
    Other/Generic Classification Scheme     MUST Main Library MUST Main Library 17/06/2024 Donation 11/32873   523.01 CHO 2010 2024-20582 17/06/2024 17/06/2024 Open Shelf